The world book encyclopedia; Vol. 10. (Record no. 1066)

000 -LEADER
fixed length control field 00780nam a2200205 a 4500
001 - CONTROL NUMBER
control field :::00017049$&:&@@
003 - CONTROL NUMBER IDENTIFIER
control field OkBaRHE
005 - DATE AND TIME OF LATEST TRANSACTION
control field 20100326130101.0
008 - FIXED-LENGTH DATA ELEMENTS--GENERAL INFORMATION
fixed length control field s1997 j 000 0 eng u
020 ## - INTERNATIONAL STANDARD BOOK NUMBER
International Standard Book Number 0716600970 (set)
040 ## - CATALOGING SOURCE
Transcribing agency
245 14 - TITLE STATEMENT
Title The world book encyclopedia; Vol. 10.
260 ## - PUBLICATION, DISTRIBUTION, ETC. (IMPRINT)
Place of publication, distribution, etc Chicago, IL.,
Name of publisher, distributor, etc World Book
Date of publication, distribution, etc 1997
300 ## - PHYSICAL DESCRIPTION
Extent 22 v. : ill. (some col.) ;
Dimensions 26 cm.
520 ## - SUMMARY, ETC.
Summary, etc An encyclopedia designed especially to meet the needs of elementary, junior high, and senior high school students.
650 ## - SUBJECT ADDED ENTRY--TOPICAL TERM
Topical term or geographic name as entry element Encyclopedias and dictionaries.
700 ## - ADDED ENTRY--PERSONAL NAME
Personal name World Book, Inc.
942 ## - ADDED ENTRY ELEMENTS (KOHA)
Source of classification or shelving scheme
Koha item type Books
Copies
Current Location Source of classification or shelving scheme Permanent Location Damaged status Shelving location Copy number Collection code Not for loan Date last seen Price effective from Full call number Koha item type Lost status Barcode Date acquired Withdrawn status
RHEMA Bible Training College RHEMA Bible Training College General Stacks1Reference 2018-01-092010-04-14AE 5 .W55 v.10 1997Books 170492010-04-14